LEADER 01327nam a2200241 i 4500 001 000000169517 003 CaOOAMICUS 005 20080222000000.0 008 080222n it u000 u ita u 013 $a146920 040 $aSeMil$bita 100 1 $aMeroni, Egidio.$0(OLS)http://semarc/name/24063 245 10$aNotizie storiche delle parrocchie bergamasche giŕ appartenenti alla Pieve Valsassinese :$bdescrizione della chiesa matrice prima della ricostruzione del 1892-1896 /$c[da documenti editi e inediti a cura del sac. Egidio Meroni]. 260 $a[S.l. :$bs.n.],$c[1969?]$e(Malgrate (Co) :$fGrafica Valsecchi,$g[1969?]) 300 $a68 p., [8] p. di tav., [2] c. di tav. ;$c24 cm. 500 $aIn testa al front. : Archivio Storico Plebano, Primaluna. - Fondo Card. Giovanni Colombo. 650 4$aValsassina - Storia religiosa.$0(OLS)http://semarc/subject/9776 850 $aSeMil 852 $aSeMil$W1$xVenegono$y1$m3P I 44$j120450$B120450$CSeMilBibl$Z2$F133226 $81 941 1 $a3 961 $aLascito: Colombo Card. Giovanni 996 $6245$aNotizie storiche delle parrocchie bergamasche giŕ appartenenti alla Pieve Valsassinese :$bdescrizione della chiesa matrice prima della ricostruzione del 1892-1896$9(OLS)http://semarc/title/242420 996 $6260$a[S.l. :$bs.n.]$9(OLS)http://semarc/publisher/29751 LEADER 01134nam a2200277 i 4500 001 000000203685 003 CaOOAMICUS 005 20151209000000.0 008 151209s2002 it u000 u ita u 013 $a182399 020 $a88-399-1265-7 040 $aSeMil$bita 100 1 $aGrün, Anselm,$c.$0(OLS)http://semarc/name/91193 240 14$aDie Weihe :$bpriesterlich Leben.$0(OLS)http://semarc/title/295069 245 13$aIl sacramento dell'ordine :$bvivere da sacerdote /$cAnselm Grün. 260 $aBrescia :$bQueriniana,$c2002. 300 $a93 p. ;$c20 cm. 490 0 $aI sacramenti 650 4$aOrdine (Sacramento) - Meditazioni.$0(OLS)http://semarc/subject/31846 830 2$aI sacramenti.$0(OLS)http://semarc/title/9613 850 $aSeMil 852 $aSeMil$W1$xVenegono$y1$m3F II 652$j154179$B154179$CSeMilBibl$Z2$F208881 $81 961 $aOmaggio: Altro 996 $6020$a88-399-1265-7$9(OLS)http://semarc/number/196873 996 $6245$aIl sacramento dell'ordine :$bvivere da sacerdote$9(OLS)http://semarc/title/295068 996 $6260$aBrescia :$bQueriniana$9(OLS)http://semarc/publisher/29615